[Event "Francophonie-chT Rapid"]
[White "Amega Dzaka, Komi Nukunu"]
[Black "Shamieh, Jamal"]
[Site "Tornelo INT"]
[Round "11.7"]
[Result "0-1"]
[Date "2022.06.05"]
[WhiteElo "1639"]
[BlackElo "2034"]
[PlyCount "71"]
[EventDate "2022.06.04"]
[EventType "team-swiss (rapid)"]
[EventRounds "11"]
[EventCountry "FRA"]
[SourceTitle "CBM 208 Extra"]
[Source "ChessBase"]
[SourceDate "2022.07.31"]
[SourceVersion "1"]
[SourceVersionDate "2022.07.31"]
[SourceQuality "1"]
[WhiteTeam "Togo"]
[BlackTeam "Lebanon"]
[WhiteTeamCountry "TOG"]
[BlackTeamCountry "LBN"]

1. d4 Nf6 2. Nf3 c5 3. d5 d6 4. c4 e5 5. Nc3 Be7 6. e4 Nbd7 7. Bd3 Nf8 8. Bg5 h6 9. Bh4 Ng6 10. Bg3 Bd7 11. 0-0 Nh7 12. Nd2 Bh4 13. f4 exf4 14. Bxf4 Nxf4 15. Rxf4 Bg5 16. Rf2 Be3 17. Qf3 Bxf2+ 18. Qxf2 0-0 19. Nf3 a6 20. Re1 Ng5 21. e5 Nxf3+ 22. Qxf3 Qh4 23. Re4 Qg5 24. exd6 Qc1+ 25. Nd1 Rae8 26. Re7 Rxe7 27. dxe7 Re8 28. d6 Bc6 29. Qe2 Qf4 30. Ne3 Qxd6 31. Nf5 Qf6 32. Qg4 Bd7 33. Nxh6+ Qxh6 34. Qxd7 Qe3+ 35. Kf1 Rxe7 36. g3 0-1

[Event "Francophonie-chT Rapid"]
[White "Ezat, Mohamed Mahmoud"]
[Black "Shamieh, Jamal"]
[Site "Tornelo INT"]
[Round "3.2"]
[Result "1-0"]
[Date "2022.06.04"]
[WhiteElo "2389"]
[BlackElo "2034"]
[PlyCount "89"]
[EventDate "2022.06.04"]
[EventType "team-swiss (rapid)"]
[EventRounds "11"]
[EventCountry "FRA"]
[SourceTitle "CBM 208 Extra"]
[Source "ChessBase"]
[SourceDate "2022.07.31"]
[SourceVersion "1"]
[SourceVersionDate "2022.07.31"]
[SourceQuality "1"]
[WhiteTeam "Egypt"]
[BlackTeam "Lebanon"]
[WhiteTeamCountry "EGY"]
[BlackTeamCountry "LBN"]

1. d4 Nf6 2. c4 c5 3. d5 e5 4. Nc3 d6 5. e4 Be7 6. Be2 Nbd7 7. Nf3 Nf8 8. 0-0 Ng6 9. Ne1 h6 10. Nd3 0-0 11. Rb1 Nh7 12. b4 b6 13. Bg4 Ba6 14. bxc5 Bxc4 15. c6 Bg5 16. g3 Bxc1 17. Rxc1 Nf6 18. Be2 Ne8 19. Qa4 Bxd3 20. Bxd3 Nc7 21. Nb5 Nxb5 22. Bxb5 Rc8 23. Qxa7 Ra8 24. Qd7 Qxd7 25. cxd7 Rfd8 26. a4 Kf8 27. Rc6 Ke7 28. Rxb6 Nf8 29. Rc1 Ra7 30. Rc8 Nxd7 31. Bxd7 Rdxd7 32. Rc4 Rdb7 33. Rbb4 g6 34. Kg2 Rxb4 35. Rxb4 f5 36. Kf3 Ra6 37. Ke3 Kf6 38. f3 Kg5 39. Kd3 Ra5 40. Kc3 fxe4 41. fxe4 Kg4 42. Kb3 Kh3 43. Rb6 h5 44. Rxd6 g5 45. Rh6 1-0

[Event "Francophonie-chT Rapid"]
[White "Shamieh, Jamal"]
[Black "Anhwere, Benard"]
[Site "Tornelo INT"]
[Round "6.7"]
[Result "0-1"]
[Date "2022.06.04"]
[WhiteElo "2034"]
[BlackElo "1890"]
[PlyCount "110"]
[EventDate "2022.06.04"]
[EventType "team-swiss (rapid)"]
[EventRounds "11"]
[EventCountry "FRA"]
[SourceTitle "CBM 208 Extra"]
[Source "ChessBase"]
[SourceDate "2022.07.31"]
[SourceVersion "1"]
[SourceVersionDate "2022.07.31"]
[SourceQuality "1"]
[WhiteTeam "Lebanon"]
[BlackTeam "Ghana"]
[WhiteTeamCountry "LBN"]
[BlackTeamCountry "GHA"]

1. Nf3 Nf6 2. d4 g6 3. c4 Bg7 4. Nc3 0-0 5. Bf4 d6 6. e3 Nc6 7. Be2 Bg4 8. h3 Bxf3 9. Bxf3 Re8 10. 0-0 e5 11. Bh2 exd4 12. exd4 Nd7 13. Ne2 Qf6 14. c5 dxc5 15. dxc5 Nxc5 16. Bxc7 Qxb2 17. Rc1 Ne4 18. Rb1 Qxa2 19. Rxb7 Nd2 20. Bxc6 Nxf1 21. Kxf1 Rxe2 22. Qxe2 Qa1+ 23. Qe1 Qa6+ 24. Kg1 Qxc6 25. Qb4 Rc8 26. Bd6 Qd5 27. Rxa7 Qd1+ 28. Kh2 Qd5 29. Ra5 Qe6 30. Qa3 h5 31. Bg3 Rc3 32. Ra8+ Kh7 33. Qa5 Rd3 34. Qb4 Qf6 35. Qb8 h4 36. Bf4 g5 37. Be3 Qe5+ 38. Qxe5 Bxe5+ 39. g3 hxg3+ 40. Kg2 gxf2 41. Kxf2 f6 42. Re8 Kg6 43. Ke2 Rb3 44. Rh8 Kf5 45. h4 Ke4 46. Bd2 Rb2 47. Kd1 Kd3 48. Rd8+ Bd4 49. Rxd4+ Kxd4 50. hxg5 Rxd2+ 51. Kxd2 fxg5 52. Ke2 Ke4 53. Kf2 Kf4 54. Kg2 Kg4 55. Kf2 Kh3 0-1

[Event "Beirut op 9th"]
[White "Khallouf, Abdallah"]
[Black "Shamieh, Jamal"]
[Site "Beirut"]
[Round "6"]
[Result "0-1"]
[Date "2017.10.04"]
[WhiteElo "1530"]
[BlackElo "2046"]
[PlyCount "136"]
[EventDate "2017.09.30"]
[EventType "swiss"]
[EventRounds "9"]
[EventCountry "LBN"]
[SourceTitle "CBM 181 Extra"]
[Source "ChessBase"]
[SourceDate "2017.12.12"]
[SourceVersion "1"]
[SourceVersionDate "2017.12.12"]
[SourceQuality "1"]

1. c4 e6 2. g3 d5 3. cxd5 exd5 4. d4 c6 5. Bg2 Bf5 6. Nf3 Be7 7. 0-0 h6 8. Qb3 Qc7 9. Nfd2 Nf6 10. Nc3 0-0 11. e4 dxe4 12. Ndxe4 Nxe4 13. Nxe4 Be6 14. Qe3 Na6 15. Nc3 Nb4 16. Qe2 Rfe8 17. a3 Nd5 18. Nxd5 Bxd5 19. Bxd5 cxd5 20. Qb5 Qc6 21. Qxc6 bxc6 22. Be3 Rec8 23. Rfc1 Kf8 24. b4 Rab8 25. Rab1 a6 26. Kf1 Ke8 27. Ke2 Kd7 28. Kd3 Rb6 29. Bd2 Rcb8 30. Rb2 h5 31. Rcb1 g5 32. f3 g4 33. fxg4 hxg4 34. Rf1 f6 35. Bf4 Rh8 36. Re2 a5 37. Rfe1 Rh7 38. Bd2 axb4 39. Bxb4 Bxb4 40. axb4 Rxb4 41. Ra1 Rb7 42. Ra8 Re7 43. Rxe7+ Kxe7 44. Rg8 Rb3+ 45. Kc2 Rf3 46. Rxg4 Rf2+ 47. Kd3 Rxh2 48. Ke3 Ra2 49. Kf4 Ke6 50. Rg8 Rf2+ 51. Ke3 Rc2 52. g4 Rc3+ 53. Kd2 Rg3 54. Ke2 Ke7 55. Rg7+ Ke6 56. Rg8 Kf7 57. Rc8 Rxg4 58. Rc7+ Kg6 59. Rxc6 Rxd4 60. Rd6 Kf5 61. Ke3 Re4+ 62. Kf3 Ke5 63. Rd8 Ra4 64. Rh8 Ra3+ 65. Ke2 f5 66. Rh4 f4 67. Kf2 Ke4 68. Ke2 Ra2+ 0-1

[Event "Beirut op 9th"]
[White "Shamieh, Jamal"]
[Black "Gevorgyan, Maria"]
[Site "Beirut"]
[Round "3"]
[Result "0-1"]
[Date "2017.10.01"]
[WhiteElo "2046"]
[BlackElo "2262"]
[PlyCount "57"]
[EventDate "2017.09.30"]
[EventType "swiss"]
[EventRounds "9"]
[EventCountry "LBN"]
[SourceTitle "CBM 181 Extra"]
[Source "ChessBase"]
[SourceDate "2017.12.12"]
[SourceVersion "1"]
[SourceVersionDate "2017.12.12"]
[SourceQuality "1"]

1. Nf3 Nf6 2. d4 e6 3. g3 d5 4. Bg2 Be7 5. 0-0 0-0 6. Bg5 h6 7. Bxf6 Bxf6 8. Nbd2 c5 9. c3 cxd4 10. Nxd4 Nc6 11. N2b3 Qb6 12. Rc1 Rd8 13. e3 a5 14. Qc2 e5 15. Ne2 Be6 16. Rcd1 Rac8 17. Nbc1 d4 18. exd4 Nxd4 19. Qe4 Bd5 20. Qe3 Bxg2 21. Kxg2 Qc6+ 22. f3 Nc2 23. Qf2 Bg5 24. Rxd8+ Rxd8 25. Nf4 exf4 26. Qxc2 fxg3 27. Kxg3 Rd2 28. Qf5 Qc4 29. a3 0-1

[Event "LIB-chT"]
[White "Hammoudi, Ali"]
[Black "Shamieh, Jamal"]
[Site "Beirut"]
[Round "2.2"]
[Result "1/2-1/2"]
[Date "2017.09.07"]
[WhiteElo "2184"]
[BlackElo "2066"]
[PlyCount "36"]
[EventDate "2017.09.06"]
[EventType "team"]
[EventRounds "9"]
[EventCountry "LBN"]
[SourceTitle "CBM 180 Extra"]
[Source "ChessBase"]
[SourceDate "2017.10.06"]
[SourceVersion "1"]
[SourceVersionDate "2017.10.06"]
[SourceQuality "1"]
[WhiteTeam "Ahli Saida"]
[BlackTeam "Army Club"]
[WhiteTeamCountry "LBN"]
[BlackTeamCountry "LBN"]

1. Nf3 Nf6 2. g3 g6 3. Bg2 Bg7 4. c4 c5 5. Nc3 0-0 6. d4 cxd4 7. Nxd4 Nc6 8. e3 a6 9. 0-0 Qc7 10. b3 d6 11. Bb2 Bg4 12. Qd2 Qd7 13. Na4 Rad8 14. Rac1 e5 15. Nb6 Qc7 16. Nd5 Qd7 17. Nb6 Qc7 18. Nd5 Qd7 1/2-1/2

[Event "LIB-ch 41st"]
[White "Shamieh, Jamal"]
[Black "Abou El Hussen, Amir"]
[Site "Beirut"]
[Round "4"]
[Result "0-1"]
[Date "2015.11.29"]
[WhiteElo "2127"]
[BlackElo "1905"]
[PlyCount "86"]
[EventDate "2015.11.25"]
[EventType "tourn"]
[EventRounds "11"]
[EventCountry "LBN"]
[SourceTitle "EXT 2017"]
[Source "ChessBase"]
[SourceDate "2016.10.25"]
[SourceVersion "1"]
[SourceVersionDate "2016.10.25"]
[SourceQuality "1"]

1. Nf3 c5 2. c4 g6 3. g3 Bg7 4. Bg2 Nf6 5. 0-0 0-0 6. Nc3 Nc6 7. d4 cxd4 8. Nxd4 Qb6 9. Nb3 d6 10. c5 dxc5 11. Be3 Rd8 12. Bxc5 Rxd1 13. Raxd1 Qa6 14. Bxc6 Qxc6 15. Rd8+ Ne8 16. Nd5 Bf8 17. Bxe7 Be6 18. Rxa8 Bxd5 19. Bg5 Nc7 20. Rc8 Be6 21. Nd4 Qd5 22. Nxe6 Nxe6 23. Bh6 Qh5 24. Be3 Qxe2 25. Bxa7 Ng5 26. Rfc1 Qe4 27. h4 Ne6 28. Be3 Kg7 29. a3 Bd6 30. R8c4 Qf3 31. R1c3 Qd1+ 32. Kg2 Be5 33. Rc2 Qd5+ 34. f3 Bxb2 35. a4 Bd4 36. Bc1 Bc5 37. Bb2+ Bd4 38. Bc1 Be5 39. Be3 f5 40. Rb4 f4 41. gxf4 Qd3 42. Rxb7+ Kh6 43. f5+ Bf4 0-1

[Event "Mediterranean-ch 10th"]
[White "Shamieh, Jamal"]
[Black "Haydar, Amin"]
[Site "Beirut"]
[Round "7"]
[Result "1-0"]
[Date "2015.10.23"]
[WhiteElo "2124"]
[BlackElo "1858"]
[PlyCount "107"]
[EventDate "2015.10.16"]
[EventType "swiss"]
[EventRounds "9"]
[EventCountry "LBN"]
[SourceTitle "EXT 2018"]
[Source "ChessBase"]
[SourceDate "2017.10.13"]
[SourceVersion "1"]
[SourceVersionDate "2017.10.13"]
[SourceQuality "1"]

1. Nf3 g6 2. d4 Nf6 3. c4 Bg7 4. Nc3 d6 5. Bf4 Nbd7 6. e3 Nh5 7. Bg5 h6 8. Bh4 g5 9. Nd2 Ndf6 10. Be2 Nf4 11. exf4 gxh4 12. h3 e6 13. Nf3 Nd7 14. Qd3 Nf8 15. Qe4 f5 16. Qe3 Ng6 17. 0-0 0-0 18. c5 Re8 19. Rac1 Bd7 20. b4 Bc6 21. b5 Bxf3 22. Bxf3 d5 23. Bh5 Qf6 24. Kh2 Kh7 25. Ne2 c6 26. Rg1 Rg8 27. Rb1 Rab8 28. Rb4 cxb5 29. Rxb5 Rgc8 30. Rgb1 Rc7 31. Bxg6+ Qxg6 32. Ra5 b6 33. Rab5 Rc6 34. g3 Bf6 35. a4 Bd8 36. Nc1 Rbc8 37. Nd3 Bc7 38. Nb4 hxg3+ 39. fxg3 Bd8 40. Nxc6 Rxc6 41. R5b2 h5 42. a5 bxc5 43. Rb7+ Kh6 44. dxc5 Bf6 45. Rxa7 d4 46. Qc1 h4 47. Rb3 e5 48. gxh4 e4 49. Rb6 Bxh4 50. Qg1 Rf6 51. Rxf6 Bxf6 52. Qxg6+ Kxg6 53. Rd7 d3 54. a6 1-0

[Event "Beirut op 8th"]
[White "Oknayan, Jirair"]
[Black "Shamieh, Jamal"]
[Site "Beirut"]
[Round "9"]
[Result "0-1"]
[Date "2015.09.27"]
[WhiteElo "1967"]
[BlackElo "2096"]
[PlyCount "48"]
[EventDate "2015.09.19"]
[EventType "swiss"]
[EventRounds "9"]
[EventCountry "LBN"]
[SourceTitle "EXT 2016"]
[Source "ChessBase"]
[SourceDate "2015.10.08"]
[SourceVersion "1"]
[SourceVersionDate "2015.10.08"]
[SourceQuality "1"]

1. d4 c5 2. Nf3 cxd4 3. g3 e5 4. Bg2 Nc6 5. 0-0 Nf6 6. c3 dxc3 7. Nxc3 Be7 8. Qc2 0-0 9. a3 d6 10. Ng5 h6 11. Nge4 Be6 12. Be3 Nxe4 13. Bxe4 Qd7 14. f4 exf4 15. Bxf4 d5 16. Bg2 d4 17. Rfd1 Rfd8 18. Nb5 Rac8 19. Bxc6 Rxc6 20. Qd3 Bc4 21. Nxd4 Bxd3 22. Nxc6 Bc5+ 23. Kf1 Qxc6 24. exd3 Qf3+ 0-1

[Event "Beirut op 8th"]
[White "Shamieh, Jamal"]
[Black "Simantsev, Mikhail"]
[Site "Beirut"]
[Round "8"]
[Result "0-1"]
[Date "2015.09.26"]
[WhiteElo "2096"]
[BlackElo "2457"]
[PlyCount "58"]
[EventDate "2015.09.19"]
[EventType "swiss"]
[EventRounds "9"]
[EventCountry "LBN"]
[SourceTitle "EXT 2016"]
[Source "ChessBase"]
[SourceDate "2015.10.08"]
[SourceVersion "1"]
[SourceVersionDate "2015.10.08"]
[SourceQuality "1"]

1. d4 Nf6 2. Nf3 e6 3. c4 c5 4. e3 cxd4 5. exd4 d5 6. Nc3 Bb4 7. a3 Bxc3+ 8. bxc3 0-0 9. Bg5 Qa5 10. Qc2 Ne4 11. Bd2 Nd7 12. Bd3 Ndf6 13. 0-0 Nxd2 14. Nxd2 dxc4 15. Nxc4 Qc7 16. Ne5 b6 17. a4 Bb7 18. a5 g6 19. Rfc1 Rfd8 20. axb6 axb6 21. Rab1 Nd5 22. Qb3 Rab8 23. Ra1 Ra8 24. Rab1 Rab8 25. Ra1 Ba8 26. Ra3 Nf4 27. Rca1 Bxg2 28. f3 Nxd3 29. Ra7 Rb7 0-1

[Event "Beirut op 8th"]
[White "Kotanjian, Tigran"]
[Black "Shamieh, Jamal"]
[Site "Beirut"]
[Round "3"]
[Result "1-0"]
[Date "2015.09.21"]
[WhiteElo "2495"]
[BlackElo "2096"]
[PlyCount "79"]
[EventDate "2015.09.19"]
[EventType "swiss"]
[EventRounds "9"]
[EventCountry "LBN"]
[SourceTitle "EXT 2016"]
[Source "ChessBase"]
[SourceDate "2015.10.08"]
[SourceVersion "1"]
[SourceVersionDate "2015.10.08"]
[SourceQuality "1"]

1. d4 Nf6 2. c4 e6 3. Nc3 Bb4 4. Qc2 0-0 5. a3 Bxc3+ 6. Qxc3 h6 7. g3 d6 8. Bg2 Nbd7 9. Nf3 Qe7 10. 0-0 e5 11. dxe5 Nxe5 12. b4 Nxf3+ 13. Bxf3 Bh3 14. Rd1 Rfe8 15. Bb2 c6 16. Rd2 Qe6 17. Rad1 Rad8 18. b5 Bg4 19. bxc6 Bxf3 20. exf3 bxc6 21. Kg2 d5 22. cxd5 Rxd5 23. Rxd5 cxd5 24. Qb3 Qb6 25. Qxb6 axb6 26. Bxf6 gxf6 27. Rxd5 Kg7 28. Rb5 Re6 29. a4 Rc6 30. Rb4 Kg6 31. g4 Rd6 32. Kg3 Rc6 33. h4 Kg7 34. h5 Rd6 35. Kf4 Re6 36. Kg3 Rc6 37. f4 Rc3+ 38. f3 Ra3 39. f5 Ra1 40. Kf4 1-0

[Event "Beirut Lasker Memoral-B"]
[White "Shihab, Khaled"]
[Black "Shamieh, Jamal"]
[Site "Beirut"]
[Round "8"]
[Result "0-1"]
[Date "2015.01.28"]
[WhiteElo "2083"]
[BlackElo "2049"]
[PlyCount "92"]
[EventDate "2015.01.21"]
[EventType "tourn"]
[EventRounds "11"]
[EventCountry "LBN"]
[SourceTitle "EXT 2018"]
[Source "ChessBase"]
[SourceDate "2017.10.13"]
[SourceVersion "1"]
[SourceVersionDate "2017.10.13"]
[SourceQuality "1"]

1. e4 d5 2. exd5 Nf6 3. Nf3 Nxd5 4. d4 g6 5. Bd3 Bg7 6. 0-0 0-0 7. Re1 Nc6 8. c3 a6 9. h3 h6 10. Nbd2 e5 11. Nb3 exd4 12. Nfxd4 Nxd4 13. Nxd4 Nb6 14. Bf4 c5 15. Nf3 Be6 16. Qc2 Bd5 17. Be4 Qf6 18. Be5 Qc6 19. Bxd5 Nxd5 20. c4 Nc7 21. Qc3 Ne6 22. Bxg7 Nxg7 23. Ne5 Qf6 24. Re3 Nf5 25. Nd7 Qxc3 26. Rxc3 Rfd8 27. Nxc5 Rd2 28. Rb3 Rc8 29. Ne4 Rd4 30. Nc3 Nd6 31. Ne2 Rd2 32. Re1 Rxc4 33. Nc3 b5 34. Nb1 Rd5 35. Na3 Rcd4 36. Re2 Kg7 37. Kh2 Nf5 38. Nb1 Rc4 39. Rc3 Rcd4 40. Rc6 b4 41. Re1 a5 42. a3 Nd6 43. g3 Nc4 44. axb4 axb4 45. Re2 Ne5 46. Rcc2 Rd1 0-1

[Event "Beirut Lasker Memoral-B"]
[White "Khairallah, Ralph"]
[Black "Shamieh, Jamal"]
[Site "Beirut"]
[Round "6"]
[Result "0-1"]
[Date "2015.01.25"]
[WhiteElo "1743"]
[BlackElo "2049"]
[PlyCount "108"]
[EventDate "2015.01.21"]
[EventType "tourn"]
[EventRounds "11"]
[EventCountry "LBN"]
[SourceTitle "EXT 2018"]
[Source "ChessBase"]
[SourceDate "2017.10.13"]
[SourceVersion "1"]
[SourceVersionDate "2017.10.13"]
[SourceQuality "1"]

1. e4 d6 2. d4 Nf6 3. Nc3 e5 4. dxe5 dxe5 5. Qxd8+ Kxd8 6. Bg5 Be6 7. 0-0-0+ Nbd7 8. Nf3 Bd6 9. g3 h6 10. Bxf6+ gxf6 11. Bg2 Be7 12. Nd5 c6 13. Nxe7 Kxe7 14. Nd2 f5 15. Kb1 Nf6 16. exf5 Bxf5 17. Rhe1 Nd7 18. f4 f6 19. fxe5 Nxe5 20. Nf3 Rad8 21. Kc1 Rxd1+ 22. Rxd1 Bg4 23. Re1 Bxf3 24. Bxf3 h5 25. Re4 Kf7 26. Be2 Ng6 27. Bc4+ Kg7 28. Rd4 Re8 29. Rd7+ Re7 30. Rxe7+ Nxe7 31. Kd2 Kg6 32. Ke3 h4 33. Kf3 Kg5 34. b3 hxg3 35. hxg3 Kf5 36. a4 Ke5 37. c3 Nf5 38. Bf7 Nd6 39. Bg6 f5 40. Bh7 Ne4 41. Bg8 Nxc3 42. Bc4 a5 43. Ke3 Ne4 44. Kf3 Nd2+ 45. Ke3 Nxc4+ 46. bxc4 b5 47. cxb5 cxb5 48. axb5 Kd5 49. Kf4 a4 50. Kxf5 a3 51. g4 a2 52. g5 a1Q 53. g6 Qf1+ 54. Kg5 Ke6 0-1

[Event "Beirut Lasker Memoral-B"]
[White "Moudallal, Tarek"]
[Black "Shamieh, Jamal"]
[Site "Beirut"]
[Round "4"]
[Result "0-1"]
[Date "2015.01.24"]
[WhiteElo "1949"]
[BlackElo "2049"]
[PlyCount "47"]
[EventDate "2015.01.21"]
[EventType "tourn"]
[EventRounds "11"]
[EventCountry "LBN"]
[SourceTitle "EXT 2018"]
[Source "ChessBase"]
[SourceDate "2017.10.13"]
[SourceVersion "1"]
[SourceVersionDate "2017.10.13"]
[SourceQuality "1"]

1. e4 d6 2. d4 Nf6 3. Nc3 e5 4. dxe5 dxe5 5. Qxd8+ Kxd8 6. Nf3 Bd6 7. Bc4 Be6 8. Bxe6 fxe6 9. Bg5 Ke7 10. 0-0-0 Nbd7 11. Nd2 a6 12. Nc4 h6 13. Bh4 b5 14. Nxd6 cxd6 15. f3 Rhc8 16. Rd2 Nb6 17. Rhd1 Nc4 18. Rd3 Rc6 19. b3 Na3 20. Kb2 b4 21. Be1 Rac8 22. Rc1 d5 23. exd5 exd5 24. Rxd5 0-1

[Event "Arab-ch"]
[White "Al Hajiri, Bader"]
[Black "Shamieh, Jamal"]
[Site "Amman"]
[Round "5"]
[Result "0-1"]
[Date "2014.12.10"]
[WhiteElo "2139"]
[BlackElo "2069"]
[PlyCount "46"]
[EventDate "2014.12.07"]
[EventType "swiss"]
[EventRounds "9"]
[EventCountry "JOR"]
[SourceTitle "EXT 2016"]
[Source "ChessBase"]
[SourceDate "2015.10.08"]
[SourceVersion "1"]
[SourceVersionDate "2015.10.08"]
[SourceQuality "1"]

1. e4 d6 2. d4 Nf6 3. Nc3 e5 4. Nf3 exd4 5. Nxd4 Be7 6. Be2 0-0 7. Be3 Re8 8. h3 Bf8 9. Qd3 c5 10. Nf3 Nc6 11. 0-0-0 Nb4 12. Qd2 Qa5 13. Bc4 b5 14. Bxb5 Nxa2+ 15. Nxa2 Qxb5 16. Nc3 Qa6 17. Qd3 c4 18. Qd4 Bb7 19. Nd2 Qa1+ 20. Ncb1 Bxe4 21. Nxc4 d5 22. Ncd2 Rab8 23. b3 Ba3+ 0-1

[Event "Arab-ch"]
[White "Al Badani, Abdu"]
[Black "Shamieh, Jamal"]
[Site "Amman"]
[Round "4"]
[Result "1-0"]
[Date "2014.12.09"]
[WhiteElo "2191"]
[BlackElo "2069"]
[PlyCount "75"]
[EventDate "2014.12.07"]
[EventType "swiss"]
[EventRounds "9"]
[EventCountry "JOR"]
[SourceTitle "EXT 2016"]
[Source "ChessBase"]
[SourceDate "2015.10.08"]
[SourceVersion "1"]
[SourceVersionDate "2015.10.08"]
[SourceQuality "1"]

1. e4 d6 2. Nf3 Nf6 3. Nc3 e5 4. Bc4 Be7 5. d4 exd4 6. Nxd4 0-0 7. 0-0 Nxe4 8. Nxe4 d5 9. Bd3 dxe4 10. Bxe4 Bf6 11. c3 Nd7 12. Qc2 g6 13. Bh6 Re8 14. Rad1 Bxd4 15. Rxd4 c5 16. Rd3 Qh4 17. Rh3 Qe7 18. Rg3 Nf8 19. Bd5 Be6 20. c4 f6 21. h4 Qf7 22. h5 f5 23. Rd1 Rad8 24. Qc3 Bxd5 25. cxd5 Ne6 26. hxg6 hxg6 27. Re3 b6 28. Rde1 Nc7 29. Rxe8+ Nxe8 30. Re6 Rd7 31. Qg3 Kh7 32. Bf4 Ng7 33. Be5 Nh5 34. Qg5 b5 35. Bf4 Nxf4 36. Qxf4 Kg7 37. Qe5+ Kf8 38. Qh8+ 1-0

[Event "Arab-ch"]
[White "Al Khattab, Ghassan M Ali Ajmed"]
[Black "Shamieh, Jamal"]
[Site "Amman"]
[Round "2"]
[Result "1-0"]
[Date "2014.12.08"]
[WhiteElo "2124"]
[BlackElo "2069"]
[PlyCount "57"]
[EventDate "2014.12.07"]
[EventType "swiss"]
[EventRounds "9"]
[EventCountry "JOR"]
[SourceTitle "EXT 2016"]
[Source "ChessBase"]
[SourceDate "2015.10.08"]
[SourceVersion "1"]
[SourceVersionDate "2015.10.08"]
[SourceQuality "1"]

1. e4 d6 2. d4 Nf6 3. Nc3 e5 4. Nf3 exd4 5. Nxd4 Be7 6. h3 0-0 7. Bc4 Nxe4 8. Bxf7+ Rxf7 9. Nxe4 d5 10. Nc3 c5 11. Nf3 d4 12. Ne4 Bf5 13. Ng3 Nc6 14. Nxf5 Rxf5 15. 0-0 Qd5 16. Re1 Raf8 17. Qe2 Kh8 18. Qe6 Qd8 19. Bd2 h6 20. Re2 Bd6 21. Qe4 g5 22. Qg4 Qf6 23. Rae1 Ne5 24. Nxe5 Bxe5 25. f3 Qd6 26. Qh5 Qf6 27. Re4 Rf7 28. Rxe5 Kg7 29. Re6 1-0

[Event "Arab-ch"]
[White "Shamieh, Jamal"]
[Black "Tagelsir, Abubaker"]
[Site "Amman"]
[Round "3"]
[Result "0-1"]
[Date "2014.12.08"]
[WhiteElo "2069"]
[BlackElo "2029"]
[PlyCount "115"]
[EventDate "2014.12.07"]
[EventType "swiss"]
[EventRounds "9"]
[EventCountry "JOR"]
[SourceTitle "EXT 2016"]
[Source "ChessBase"]
[SourceDate "2015.10.08"]
[SourceVersion "1"]
[SourceVersionDate "2015.10.08"]
[SourceQuality "1"]

1. d4 d5 2. c4 c6 3. cxd5 cxd5 4. Nc3 Nf6 5. Bf4 Nc6 6. e3 a6 7. Bd3 Qb6 8. Qd2 e6 9. Nge2 Bd7 10. 0-0 Nh5 11. Bg5 f6 12. Bh4 f5 13. Rac1 Bd6 14. Ng3 Nxg3 15. Bxg3 Bxg3 16. hxg3 0-0 17. f4 Rf6 18. Kf2 Nd8 19. Rh1 h6 20. Bb1 Nf7 21. Qc2 g6 22. a3 Kg7 23. b4 Rc8 24. Qb3 Nd6 25. Bd3 Rff8 26. a4 Nc4 27. Nb1 Nd6 28. a5 Qd8 29. Nd2 Qe7 30. Qb2 Bb5 31. Bxb5 axb5 32. Rc5 Qd7 33. Rhc1 g5 34. R1c2 g4 35. Qc1 Nc4 36. Nxc4 bxc4 37. Qa3 Ra8 38. b5 b6 39. Rc6 Rxa5 40. Qb4 Rb8 41. Rb2 Ra7 42. Qd2 Ra1 43. Qc2 Ra5 44. Qb1 Rxb5 45. Rxb5 Qxc6 46. Ke2 Rb7 47. Qb4 Kf7 48. Kd2 Qc7 49. Kc3 Ke8 50. Qa4 Ke7 51. Rb1 Qd7 52. Rb5 Kd8 53. Qa8+ Kc7 54. Rb1 Qd8 55. Qa3 Qf6 56. Qa4 Qe7 57. Ra1 Qf8 58. Qb4 0-1

[Event "LIB-ch 40th"]
[White "Shamieh, Jamal"]
[Black "Bassel, Charaf"]
[Site "Beirut"]
[Round "4.3"]
[Result "0-1"]
[Date "2014.06.17"]
[WhiteElo "2076"]
[BlackElo "2114"]
[PlyCount "66"]
[EventDate "2014.06.14"]
[EventType "tourn"]
[EventRounds "11"]
[EventCountry "LBN"]
[SourceTitle "EXT 2016"]
[Source "ChessBase"]
[SourceDate "2015.10.08"]
[SourceVersion "1"]
[SourceVersionDate "2015.10.08"]
[SourceQuality "1"]

1. Nf3 Nc6 2. g3 e5 3. d3 d5 4. Bg2 Nf6 5. 0-0 Bg4 6. Nbd2 Qd7 7. c4 0-0-0 8. cxd5 Nxd5 9. Re1 h5 10. a3 Bh3 11. Bh1 h4 12. b4 hxg3 13. hxg3 Nf4 14. Nc4 Bf1 15. Ng5 f6 16. Bxc6 Qxc6 17. Ne4 Qxe4 18. dxe4 Rxd1 19. Rxd1 Bxe2 20. Nd2 Nh3+ 21. Kg2 Bxd1 22. Bb2 Bg4 23. Rh1 Rh7 24. f3 Be6 25. b5 Ng5 26. Rc1 Bd6 27. Rc2 Kd7 28. Bc1 b6 29. Nb1 Bc5 30. g4 Nh3 31. Kg3 Nf4 32. Bxf4 exf4+ 33. Kxf4 g5+ 0-1

[Event "Francophone op 2nd"]
[White "Shamieh, Jamal"]
[Black "Garcia Paolicchi, Raul"]
[Site "Beirut"]
[Round "7"]
[Result "1/2-1/2"]
[Date "2014.06.05"]
[WhiteElo "2091"]
[BlackElo "2210"]
[PlyCount "106"]
[EventDate "2014.05.31"]
[EventType "swiss"]
[EventRounds "9"]
[EventCountry "LBN"]
[SourceTitle "EXT 2015"]
[Source "ChessBase"]
[SourceDate "2014.11.20"]
[SourceVersion "1"]
[SourceVersionDate "2014.11.20"]
[SourceQuality "1"]

1. c4 e6 2. d4 d5 3. Nc3 c5 4. cxd5 exd5 5. Nf3 Nc6 6. Bg5 Be7 7. Bxe7 Ngxe7 8. dxc5 d4 9. Ne4 0-0 10. g3 Qd5 11. Ned2 Qxc5 12. Bg2 Be6 13. 0-0 Qb6 14. Nb3 Rfd8 15. Ng5 Bf5 16. Be4 h6 17. Bxf5 Nxf5 18. Nf3 Rd6 19. Qd3 g6 20. Rad1 Rad8 21. Qb1 Qb5 22. Nc1 Ne5 23. Nxe5 Qxe5 24. Rfe1 h5 25. Nd3 Qa5 26. Rc1 h4 27. Rc5 Qd2 28. Qc1 Qxc1 29. Rexc1 hxg3 30. hxg3 a6 31. g4 Ng7 32. Rc7 b6 33. R7c6 Ne6 34. Rxd6 Rxd6 35. Rc8+ Kg7 36. Kf1 Kf6 37. Ke1 g5 38. Kd2 a5 39. a3 Nd8 40. b4 axb4 41. Nxb4 Ke6 42. Rc7 f6 43. Kd3 Ke5 44. Re7+ Ne6 45. f3 f5 46. gxf5 Kxf5 47. Kc4 Kf6 48. Rb7 Nf4 49. a4 Nxe2 50. Rxb6 Rxb6 51. Nd5+ Ke5 52. Nxb6 Kd6 53. Kd3 Ng1 1/2-1/2